Statistics for Country Flags depicting a Cross

Click here to take the quiz!

General Stats

  • This quiz has been taken 1,731 times
  • The average score is 17 of 25

Answer Stats

Hint Country % Correct
EuropeSweden
94%
EuropeNorway
93%
EuropeFinland
91%
EuropeUnited Kingdom
90%
EuropeDenmark
88%
EuropeIceland
87%
OceaniaAustralia
83%
OceaniaNew Zealand
81%
EuropeSwitzerland
79%
EuropeGreece
67%
OceaniaFiji
66%
EuropeMalta
63%
EuropeVatican City
62%
EuropeSlovakia
61%
EuropeSerbia
57%
AsiaGeorgia
56%
EuropeSpain
55%
EuropePortugal
54%
OceaniaTonga
54%
OceaniaTuvalu
54%
EuropeSan Marino
48%
EuropeMoldova
47%
North AmericaJamaica
45%
EuropeMontenegro
40%
North AmericaDominican Republic
40%

Score Distribution

Percentile by Number Answered

Percent of People with Each Score

Your Score History

You have not taken this quiz